Culture of animal cells : a manual of basic technique /

Bibliographic Details
Main Author: Freshney, R. Ian
Format: Book
Language:English
Published: New York : Wiley-Liss, [2000]
Edition:Fourth edition.
Subjects:

MARC

Tag First Indicator Second Indicator Subfields
LEADER 00000cam a22000004a 4500
001 in00004480721
005 20210910105655.0
008 000412s2000 nyuaf b 001 0 eng
010 |a  99023536  
015 |a GB99-U7588 
020 |a 0471348899 (alk. paper) 
035 |a (OCoLC)41266026 
035 |z (UtOrBLW)27752 
035 |a 41936 
040 |a DLC  |c DLC  |d UKM  |d C#P  |d UtOrBLW 
042 |a pcc 
049 |a TMVM  |c 1  |c 2 
050 0 0 |a QH585.2  |b .F74 2000 
060 4 |a QH 585.2  |b F885c 2000 
082 0 0 |a 571.6/38  |2 21 
100 1 |a Freshney, R. Ian. 
245 1 0 |a Culture of animal cells :  |b a manual of basic technique /  |c R. Ian Freshney. 
250 |a Fourth edition. 
264 1 |a New York :  |b Wiley-Liss,  |c [2000] 
264 4 |c ©2000 
300 |a xxvi, 577 pages, 12 unnumbered pages of plates :  |b illustrations (some color) ;  |c 29 cm. 
336 |a text  |2 rdacontent  |b txt 
337 |a unmediated  |2 rdamedia 
338 |a volume  |2 rdacarrier  |b nc 
500 |a "A John Wiley & Sons, Inc., publication." 
504 |a Includes bibliographical references (pages 523-561) and index. 
650 2 |a Tissue Culture. 
650 2 |a Cells, Cultured. 
655 2 |a Laboratory Manual. 
999 |a MARS 
999 f f |s a5cedd08-9da0-3ff0-9702-11b80ab76d58  |i 950e02e4-8e68-3442-bb8c-71449a500925  |t 0 
952 f f |p ric  |a Texas A&M University  |b Rellis Campus  |c Joint Library Facility  |d Remote Storage  |t 0  |e QH 585.2 F885c 2000  |h National Library of Medicine classification  |i unmediated -- volume  |m 323890165699I 
998 f f |a QH 585.2 F885c 2000  |t 0  |l Remote Storage